000 00286nam a22001337a 4500
008 181204b xxu||||| |||| 00| 0 eng d
020 _a0538016000
041 _aeng
080 _a330.722
100 _a61
101 _aKON
245 _aMnagerial Accouting
_cFes.W
942 _2udc
_cBK
999 _c52809
_d52809